000 01033nam a22002655i 4500
001 168799
003 ES-MaACL
005 20250830111416.0
008 080610s2008 sp |||| | spa d
020 _a978-84-7914-923-9
080 _a23/28
110 2 _aIglesia Católica.
_bCongregatio pro Doctrina Fidei
_9137911
245 1 0 _aCongregación para la Doctrina de la Fe
_b: documentos 1966-2007 /
_cedición preparada por Eduardo Vadillo Romero ; presentación de Card. Antonio Cañizares Llovera.
260 _aMadrid :
_bBiblioteca de Autores Cristianos,
_c2008.
300 _aXXXVI, 870 p. ;
_c20 cm.
490 1 _aBiblioteca de autores cristianos ;
_v673
500 _aÍndices.
610 2 4 _aIglesia Católica-
_xDoctrina social
_94642
650 1 7 _aTeología
_2embne
_917457
700 1 _aVadillo Romero, Eduardo.
_9137912
700 1 _aCañizares Llovera, Antonio.
_9137913
830 0 0 _aBiblioteca de autores cristianos
_v673
_9178679
852 _aES-MaACL
_jJ-660
_9R.143518
999 _c168799
_d168799